Thomas and Friends - Season 15 Episodes - Statistics

General Stats
  • This quiz has been taken 26 times
  • The average score is 16 of 20
Answer Stats
Episode # Episode Title % Correct
3 Emily and Dash
100%
1 Gordon and Ferdinand
100%
6 James to the Rescue
100%
4 Percy's New Friends
100%
2 Toby and Bash
100%
8 Up, Up and Away!
100%
15 Big Belle
80%
5 Edward the Hero
80%
20 Fiery Flynn
80%
7 Happy Hiro
80%
12 Spencer the Grand
80%
13 Stop That Bus!
80%
17 Wonky Whistle
80%
9 Henry's Happy Coal
60%
16 Kevin the Steamie
60%
10 Let It Snow
60%
18 Percy the Snowman
60%
14 Stuck on You
60%
11 Surprise, Surprise
60%
19 Tree Trouble
60%
No matching quizzes found
Score Distribution
Percent of People with Each Score
Percentile by Number Answered
Your Score History
You have not taken this quiz